000 00520nam a2200181Ia 4500
003 GCL
008 140319s9999 xx 000 0 eng d
040 _aGCL /
_cGCL
082 0 4 _a550
_bM I
100 1 _aMUHAMMAD GAMAL EL-DIN EL-FANDY
245 1 0 _aISLAM AND SCIENCE(VOL.1-7) /
_cMUHAMMAD GAMAL EL-DIN EL-FANDY
260 _aالقاهرة :
_bTHE SUPREME COUNCIL FOR ISLAMIC OFFAIRS ،
_c1986
650 0 4 _aنجد
650 0 4 _aISLAM - SCIENCE
650 0 4 _aMETEOROLOGY
650 0 4 _aASTRONOMY
942 _2ddc
_cBK
999 _c12533
_d12533